Math without fear : (Record no. 103204)
[ view plain ]
| 000 -LEADER | |
|---|---|
| fixed length control field | 00625nam a2200181 a 4500 |
| 005 - DATE AND TIME OF LATEST TRANSACTION | |
| control field | 20140412111254.0 |
| 008 - FIXED-LENGTH DATA ELEMENTS--GENERAL INFORMATION | |
| fixed length control field | 010328s19uu xx 00 eng d |
| 020 ## - INTERNATIONAL STANDARD BOOK NUMBER | |
| International Standard Book Number | 0-205-16021-2 |
| 050 ## - LIBRARY OF CONGRESS CALL NUMBER | |
| Classification number | TR(GS 372.7 |
| Item number | M318 1996 |
| 100 ## - MAIN ENTRY--PERSONAL NAME | |
| Personal name | Martinez, Joseph G. R. |
| 245 ## - TITLE STATEMENT | |
| Title | Math without fear : |
| Remainder of title | a guide for preventing math anxiety in children / |
| Statement of responsibility, etc | Joseph G. R. Martinez with Nancy C. Martinez. |
| 260 ## - PUBLICATION, DISTRIBUTION, ETC. (IMPRINT) | |
| Place of publication, distribution, etc | Massachusettes : |
| Name of publisher, distributor, etc | Allyn and Bacon, |
| Date of publication, distribution, etc | 1996. |
| 300 ## - PHYSICAL DESCRIPTION | |
| Extent | 167 p. |
| 500 ## - GENERAL NOTE | |
| General note | Includes bibliographical references and index. |
| 650 ## - SUBJECT ADDED ENTRY--TOPICAL TERM | |
| Topical term or geographic name as entry element | Math anxiety |
| 650 ## - SUBJECT ADDED ENTRY--TOPICAL TERM | |
| Topical term or geographic name as entry element | Mathematics - study and teaching |
| Withdrawn status | Lost status | Damaged status | Home library | Current library | Shelving location | Date acquired | Source of acquisition | Total Checkouts | Full call number | Barcode | Date last seen | Price effective from | Koha item type |
|---|---|---|---|---|---|---|---|---|---|---|---|---|---|
| Elizalde Library | Elizalde Library | Teachers Reference Section | 03/28/2001 | TR(GS 372.7 M318 1996 | E4000 | 04/12/2014 | 04/12/2014 | Books |